THE ARRIVAL (Record no. 181311)
[ view plain ]
| 000 -LEADER | |
|---|---|
| fixed length control field | 00216nam a2200097Ia 4500 |
| 050 ## - LIBRARY OF CONGRESS CALL NUMBER | |
| Classification number | PZ 7 .T26 2007 |
| 100 ## - MAIN ENTRY--PERSONAL NAME | |
| Personal name | TAN, SHAUN |
| 245 #4 - TITLE STATEMENT | |
| Title | THE ARRIVAL |
| 942 ## - ADDED ENTRY ELEMENTS (KOHA) | |
| Koha item type | Long Loan Book |
| Withdrawn status | Lost status | Source of classification or shelving scheme | Damaged status | Not for loan | Collection | Home library | Current library | Shelving location | Date acquired | Inventory number | Total checkouts | Full call number | Barcode | Date last seen | Copy number | Price effective from | Koha item type |
|---|---|---|---|---|---|---|---|---|---|---|---|---|---|---|---|---|---|
| Library of Congress Classification | Arts & Social Sciences | Kisii University Library | Kisii University Library | On Display | 07/18/2024 | 90835 | PZ 7 .T26 2007 | 038881 | 07/18/2024 | 1 | 07/18/2024 | Long Loan Book | |||||
| Library of Congress Classification | Arts & Social Sciences | Kisii University Library | Kisii University Library | On Display | 07/18/2024 | 90837 | PZ 7 .T26 2007 | 038879 | 07/18/2024 | 2 | 07/18/2024 | Long Loan Book |